Dryland forestry : (Record no. 12437)

000 -LEADER
fixed length control field 00683cam a2200205 a 4500
020 ## - INTERNATIONAL STANDARD BOOK NUMBER
ISBN 0471548006 (cloth : acidfree paper)
040 ## - CATALOGING SOURCE
Transcribing agency DLC
082 00 - DEWEY DECIMAL CLASSIFICATION NUMBER
Classification number 634 WIL 1995 A041 Or.
245 00 - TITLE STATEMENT
Title Dryland forestry :
Remainder of title planning and management /
260 ## - PUBLICATION, DISTRIBUTION, ETC. (IMPRINT)
Place of publication New York :
Name of publisher Wiley,
Year of publication c1995.
300 ## - PHYSICAL DESCRIPTION
Number of Pages xviii, 453 p. :
Other physical details ill., maps ;
Dimensions 25 cm.
650 #0 - SUBJECT ADDED ENTRY--TOPICAL TERM
Topical Term Arid regions forestry.
650 #0 - SUBJECT ADDED ENTRY--TOPICAL TERM
Topical Term Arid regions agriculture.
650 #0 - SUBJECT ADDED ENTRY--TOPICAL TERM
Topical Term Sustainable forestry.
650 #0 - SUBJECT ADDED ENTRY--TOPICAL TERM
Topical Term Sustainable agriculture.
700 1# - ADDED ENTRY--PERSONAL NAME
Personal name Ffolliott, Peter F.
856 42 - ELECTRONIC LOCATION AND ACCESS
Uniform Resource Identifier http://www.loc.gov/catdir/description/wiley034/94027699.html
856 4# - ELECTRONIC LOCATION AND ACCESS
Uniform Resource Identifier http://www.loc.gov/catdir/toc/onix05/94027699.html
942 ## - ADDED ENTRY ELEMENTS (KOHA)
Koha item type សៀវភៅភាសាអង់គ្លេស

No items available.

មជ្ឈមណ្ឌលឯការនៃសាកលវិទ្យាល័យភូមិន្ទកសិកម្មចំការដូង

Powered by Koha